| 000 | 00438nam a2200181Ia 4500 | ||
|---|---|---|---|
| 005 | 20250423095300.0 | ||
| 008 | 250422s9999 xx 000 0 und d | ||
| 020 | _a9783624806 | ||
| 050 | _aKTA 1064.5 .O53/ | ||
| 100 | _aOnabajo, Olufemi | ||
| 245 | 0 | _aEssentials of media laws and ethics | |
| 260 | _aLagos, Nigeria | ||
| 260 | _bGabi concept limited | ||
| 260 | _c2002 | ||
| 300 | _a235 p | ||
| 650 | _aPress law | ||
| 942 | _cBK | ||
| 999 |
_c29799 _d29799 |
||